Statistics for Countries Closest to Cambodia A-Z

Click here to take the quiz!

General Stats

  • This quiz has been taken 29 times
  • The average score is 21 of 24

Answer Stats

Country% Correct
IIndonesia
100%
LLaos
100%
MMalaysia
100%
TThailand
100%
VVietnam
100%
CChina
95%
JJapan
95%
OOman
95%
QQatar
95%
SSingapore
95%
YYemen
95%
ZZambia
95%
BBrunei
91%
NNepal
91%
PPhilippines
91%
UUzbekistan
91%
AAfghanistan
86%
KKyrgyzstan
86%
EEast Timor
82%
HHungary
82%
RRussia
77%
DDjibouti
73%
GGeorgia
64%
FFinland
55%

Score Distribution

Percentile by Number Answered

Percent of People with Each Score

Your Score History

You have not taken this quiz